Statistics for Europe by Borders in 30 Seconds

Click here to take the quiz!

General Stats

  • This quiz has been taken 125,910 times
    (125,837 since last reset)
  • The average score is 38 of 45

Answer Stats

Country % Correct
France
99%
Switzerland
98%
Spain
98%
Germany
98%
Italy
97%
Poland
96%
Finland
95%
Russia
95%
Norway
95%
Austria
95%
United Kingdom
95%
Netherlands
94%
Ukraine
94%
Belgium
94%
Belarus
93%
Luxembourg
92%
Sweden
90%
Lithuania
90%
Czech Republic
90%
Ireland
90%
Hungary
89%
Slovenia
89%
Latvia
87%
Serbia
87%
Bulgaria
87%
North
Macedonia
86%
Romania
85%
Andorra
85%
Estonia
85%
Portugal
85%
Greece
83%
Slovakia
82%
Denmark
82%
Albania
81%
Croatia
80%
Montenegro
79%
Bosnia and
Herzegovina
75%
San Marino
71%
Vatican City
71%
Moldova
70%
Iceland
69%
Kosovo
68%
Monaco
62%
Liechtenstein
48%
Malta
36%

Score Distribution

Percentile by Number Answered

Percent of People with Each Score

Your Score History

You have not taken this quiz since the last reset